Statystyki dla Geometria po angielsku

Kliknij tutaj aby rozwiązać quiz!

Ogólne statystyki

  • Ten quiz został rozwiązany 390 razy
  • Średni wynik to 7 z 64

Statystyki odpowiedzi

PolskiAngielski% Poprawnych
KołoCircle
83%
TrójkątTriangle
82%
KwadratSquare
74%
PunktPoint
41%
KątAngle
37%
ProstokątRectangle
31%
ProstaStraight line
25%
SześcianCube
20%
BokSide
19%
KulaSphere
18%
OśmiokątOctagon
17%
PięciokątPentagon
16%
Kąt zerowyZero angle
16%
Kąt pełnyFull angle
15%
SześciokątHexagon
15%
PromieńRadius
13%
ŚrodekCenter
10%
SiedmiokątHeptagon
10%
RównoległeParallel
10%
Kąt prostyRight angle
10%
RombDiamond
9%
Axis
8%
PoleArea
7%
PodstawaBase
7%
ŚrednicaDiameter
7%
Kąt ostryAcute angle
6%
StożekCone
6%
WielokątPolygon
6%
SymetriaSymmetry
6%
TwierdzenieTheorem
6%
WalecCylinder
5%
Kąt półprostyHalf-full angle
5%
ProstopadłePerpendicular
5%
PłaszczyznaPlane
5%
TrapezTrapeze
5%
ŁamanaBroken line
4%
PrzekątnaDiagonal
4%
OdległośćLength
4%
RównoległobokParallelogram
4%
OstrosłupPyramid
4%
PółkoleSemicircle
4%
KrzywaCurved line
3%
Kąt rozwartyObtuse angle
3%
CzworokątQuadrangle
3%
WierzchołekTop
3%
PewnikAxiom
2%
ObwódCircuit
2%
Kąt wypukłyConvex angle
2%
GraniastosłupPrism
2%
Kąty przyległeAdjacent angles
1%
WysokośćAltitude
1%
Kąty wierzchołkoweApex angles
1%
DwusiecznaBisector
1%
Kąt wklęsłyConcave angle
1%
PrzystająceCongruent
1%
Kąty odpowiadająceCorresponding angles
1%
RównobocznyEquilateral
1%
RównoramiennyIsosceles
1%
ForemnyRegular
1%
SiecznaSecant
1%
PochyłaSlope
1%
OdcinekStretch
1%
Kąty naprzemianległeAlternating angles
0%
RóżnobocznyScalene
0%

Rozkład punktacji

Percentyl według liczby udzielonych odpowiedzi

Procent ludzi z każdym wynikiem

Twoja historia wyników

Nie rozwiązałeś tego quizu